Normal view
MARC view
Entry Personal Name
001 - CONTROL NUMBER
- control field: 3636
003 - CONTROL NUMBER IDENTIFIER
- control field: BD-RjUL
005 - DATE AND TIME OF LATEST TRANSACTION
- control field: 20220615130210.0
008 - FIXED-LENGTH DATA ELEMENTS
- fixed length control field: 220615|| aca||aabn | a|a d
040 ## - CATALOGING SOURCE
- Original cataloging agency: BD-RjUL
- Transcribing agency: BD-RjUL
100 ## - HEADING--PERSONAL NAME
- Personal name: ভট্টাচার্য, তপোধীর
670 ## - SOURCE DATA FOUND
- Source citation: Work cat.: (BD-RjUL)79972: ভট্টাচার্য, তপোধীর , প্রতীচ্যের সাহিত্যতাত্ত্বিক /, ২০২২